[Event "Tunja Boyaca op-B"]
[Site "Tunja"]
[Date "2019.08.01"]
[Round "2"]
[White "Gomez Delgado, Nelson"]
[Black "Jimenez Torres, Jose Mauricio"]
[Result "1-0"]
[WhiteElo "1828"]
[BlackElo "1601"]
[PlyCount "77"]
[EventDate "2019.07.31"]
[EventType "swiss"]
[EventRounds "9"]
[EventCountry "COL"]
[SourceTitle "EXT 2020"]
[Source "ChessBase"]
[SourceDate "2019.10.17"]
[SourceVersion "1"]
[SourceVersionDate "2019.10.17"]
[SourceQuality "1"]

1. e4 c5 2. Nf3 Nc6 3. d3 g6 4. g3 Bg7 5. Bg2 Nf6 6. 0-0 0-0 7. Re1 Ng4 8. c3 Qb6 9. Nbd2 d6 10. Nc4 Qc7 11. a4 Nge5 12. Nfxe5 Nxe5 13. Ne3 e6 14. f4 Nd7 15. a5 Rb8 16. f5 Nf6 17. g4 Ne8 18. Rf1 f6 19. Qb3 Qf7 20. Bd2 b5 21. axb6 Rxb6 22. Qc2 Qb7 23. Nc4 Rb5 24. Ra2 Rf7 25. Rfa1 Qb8 26. Qa4 a6 27. Na3 Rb6 28. Qxe8+ Rf8 29. Qa4 Rxb2 30. Nc4 Rb1+ 31. Bf1 exf5 32. gxf5 gxf5 33. Rxb1 Qxb1 34. Rb2 Bd7 35. Qxd7 Qd1 36. Qe6+ Kh8 37. Qxf5 Rg8 38. Kf2 Rd8 39. Nxd6 1-0